| 000 | 00828cam a2200229 a 4500 | ||
|---|---|---|---|
| 020 | _a0198561520 (pbk.) : | ||
| 020 | _a0198561555 (hard) : | ||
| 082 | 0 | 0 |
_a668.9 _bMCC _cD |
| 100 | 1 |
_aMcCrum, N. G. _944846 |
|
| 245 | 1 | 0 |
_aPrinciples of polymer engineering / _cN.G. McCrum, C.P. Buckley, C.B. Bucknall. |
| 260 |
_aOxford [Oxfordshire] ; _aNew York : _bOxford University Press, _c1988. |
||
| 300 |
_axii, 391 p. : _bill. ; _c24 cm. |
||
| 500 | _aIncludes index. | ||
| 526 |
_a0 _b0 _c0 _d668_900000000000000_MCC |
||
| 650 | 0 |
_aMCE _9379 |
|
| 650 | 0 |
_aPolymer engineering. _935904 |
|
| 700 | 1 |
_aBuckley, C. P. _944847 |
|
| 700 | 1 |
_aBucknall, C. B. _944848 |
|
| 856 | 4 | 1 | _uhttp://www.loc.gov/catdir/enhancements/fy0640/87001658-t.html |
| 856 | 4 | 2 | _uhttp://www.loc.gov/catdir/enhancements/fy0640/87001658-d.html |
| 942 |
_2ddc _cBK |
||
| 999 |
_c548510 _d548510 |
||